| 000 | 01169nam0a22002531 4500 | ||
|---|---|---|---|
| 001 | RU\NLR\19V\934537 | ||
| 005 | 20260409063001.0 | ||
| 035 | _a(NLR Aleph) 005290776 | ||
| 090 |
_a6187812 _c6187812 |
||
| 100 | _a20130424d1916 |||y0rusy50 ca | ||
| 101 | 0 | _arus | |
| 102 | _aRU | ||
| 105 | _ay n ||||| | ||
| 200 | 1 |
_aОбязательные постановления по санитарной, ветеринарной и санитарно-технической части в г. Одессе (с 1879 г. по 1916 г.) _fОдесск. гор. обществ. самоуправление |
|
| 210 |
_aОдесса _c"Славянская" типография _d1916 |
||
| 215 |
_aIX, 232 с. _d17 |
||
| 710 | 0 | 2 |
_aОдесская городская дума _3RU\NLR\AUTH\8810232758 _9350651 |
| 712 | 0 | 2 |
_4570 _aОдесское градоначальство _3RU\NLR\AUTH\889984175 _9464074 |
| 712 | 0 | 2 |
_4650 _aОдесское городское общественное управление _3RU\NLR\AUTH\8810083431 _9668914 |
| 801 | 0 |
_aRU _bNLR _c20130424 _gpsbo |
|
| 801 | 1 |
_aRU _bNLR _c20130424 _2rusmarc |
|
| 852 |
_aNLR _j17.126.2.13 |
||
| 942 | _cBOOK | ||
| 980 | _aNB | ||